| 000 | 00000nam 2200000za 4500 |
| 001 | 9.843452 |
| 003 | CaOODSP |
| 005 | 20221107152527 |
| 007 | cr ||||||||||| |
| 008 | 170912s2015 quc #o f000 0 fre d |
| 040 | |aCaOODSP|bfre |
| 043 | |an-cn--- |
| 086 | 1 |aEm7-3/7-2015F-PDF |
| 245 | 00|aAttention, jeunes travailleurs! |h[ressource électronique]. |
| 246 | 1 |iEn tête du titre : |aProgramme du travail |
| 260 | |a[Gatineau, Québec] : |bEmploi et Développment social Canada, |c[2015] |
| 300 | |a1 p. |
| 500 | |aPubl. aussi en anglais sous le titre : Attention young workers! |
| 520 | |a« Quarante pour cent des accidents du travail surviennent durant les six premiers mois d’un emploi. Tous ces accidents peuvent être évités. Informez-vous sur vos droits et responsabilités; renseignez-vous pour mieux vous protéger! ». |
| 692 | 07|2gccst|aAccident de travail |
| 692 | 07|2gccst|aSécurité au travail |
| 710 | 1 |aCanada. |bEmploi et développement social Canada. |bProgramme du travail. |
| 775 | 08|tAttention young workers! |w(CaOODSP)9.843445 |
| 856 | 40|qPDF|s673 Ko|uhttps://publications.gc.ca/collections/collection_2017/edsc-esdc/Em7-3-7-2015-fra.pdf |
| 986 | |aLT-279-05-15 |